000 01410nam a2200373 a 4500
001 000109118
003 CHAP
005 20220329144038.0
008 140403s2013 mx a sm |||||||spa d
010 _a105580
011 _a106552
040 _cCHAP
090 _aTesis
100 0 0 _aMarín Cruz, Victor Hugo
_971488
245 1 0 _aBiología, hongos asociados y control de Lycoriella innua y bradysia (DIPTERA:SCIARIDAE) /
_h[En línea]
_cVictor Hugo, Marín Cruz.
260 _aChapingo, Méx. :
_bEl autor.,
_c2013.
500 _aPara ver el contenido del material haga clic en la liga
502 _aTesis (M.C. en Forestales) -- UACH. División de Ciencias Forestales
590 _aBATCH-UPD
_b05
_c20140404
_lUCH01
_h0920
590 _aBATCH-UPD
_b10
_c20141002
_lUCH01
_h0859
590 _aE11695DGD
_b10
_c20140409
_lUCH01
_h0821
590 _aE11695DGD
_b10
_c20141103
_lUCH01
_h0838
590 _aE5652GLJ
_b05
_c20140403
_lUCH01
_h1449
590 _aE5652GLJ
_b05
_c20140403
_lUCH01
_h1450
590 _aE5652GLJ
_b05
_c20140404
_lUCH01
_h0920
650 1 4 _aHongos
_xIdentificación.
_956105
650 1 4 _aMosco fungoso negro
_xControl biológico.
_9126255
650 1 4 _aMosco fungoso negro
_xHábitos y conducta.
_9126253
650 1 4 _aMosco fungoso
_xVariedades.
_9126254
856 _aFinding aid
_uhttp://10.13.5.2/tesis/sist109118.pdf
_zTeclea aquí
901 _aBK
942 _cTESIS
942 _n0
999 _c105580
_d105580